000 00820nam a2200229Ii 4500
003 JO-AjNU
008 230605s9999||||xx |||||||||||||| ||und||
017 _a2012/21148
020 _a978-977-6223-44-8
040 _aJO-AjNU
_bara
_erda
_cJO-AjNU
041 _aara
050 1 4 _ak625.f8238.2013
100 3 _a البهجي ، إيناس محمد - المصرى ، يوسف ,
_eauthor
_944937
245 0 0 _aتنازع القوانين في القانون الدولي الخاص
250 _aط1
264 3 1 _aالقاهرة : المركز القومي للاصدارات القانونية ، 2012
300 _a331ص
336 _atext
_btxt
_2rdacontent
337 _aunmediated
_bn
_2rdamedia
338 _avolume
_bnc
_2rdacarrier
650 4 _aتنازع قوانين -- قانون دولي خاص
_944938
999 _aA19442
_c23010
_d23010